000 00245nam a2200097Ia 4500
001 663297
005 20250826160210.0
008 250824s9999 xx 000 0 und d
245 0 _a11 Çürük ve Kokuşmuş
_cR. L. Stine
260 _bBEYAZ BALİNA
999 _c663297
_d663297